| 000 | 00550nam a22001937a 4500 | ||
|---|---|---|---|
| 001 | 113495 | ||
| 003 | DR-UNIBE | ||
| 005 | 20250501145035.0 | ||
| 008 | 250428b2006 dr ||||| |||| 00| 0 spa d | ||
| 040 |
_aBIBLIOTECA UNIBE _bspa _cBIBLIOTECA UNIBE _erda |
||
| 041 | _aspa | ||
| 082 | _aF-RD 5957 | ||
| 245 | 1 | _aPor el rescate de los valores patrios | |
| 260 |
_a[Lugar de publicación no identificado] : _bPoder Judicial, _c2006 |
||
| 300 |
_a45 pƔginas : _bilustraciones |
||
| 650 | 7 |
_aSimbolos _9112570 |
|
| 650 | 7 | _aEmblemas | |
| 942 |
_2ddc _cMX |
||
| 999 |
_c113495 _d113495 |
||